Представление документа в формате MARC21

Поле Инд. ПП Название Значение
Тип записи a
Библиографический уровень m
001 Контрольный номер RU/LIBMSTU/268390945
005 Дата корректировки 20170620092519.3
020 00 a ISBN 5-93297-029-4
c Цена, тираж 75-23
084 a Индекс другой классификации/Индекс ББК 67.404.212.47+68.42
090 00 a Полочн. индекс 67.404.2
x Авторский знак М 67
100 10 a Автор Митюрич Д. А.
245 00 a Заглавие Жилье для военнослужащих: Юридическая энциклопедия в вопросах и ответах
260 00 a Место издания Москва
b Издательство За права военнослужащих
c Дата издания 2002
300 00 a Объем 208 с.
650 _4 a Основная рубрика Жилищное право
653 00 a Ключевые слова Военнослужащие
a Ключевые слова Жилищное право
a Ключевые слова Жилищные сертификаты
700 10 a Другие авторы Фатеев К. В.
901 t Тип документа m
990 00 f Даты поступлений (DOS) 01.03